|
|
|
|
| LEADER |
00902cam a2200241 7i4500 |
| 001 |
0000043609 |
| 005 |
20170316090000.0 |
| 020 |
|
|
|a 0470927623 (hbk.)
|
| 020 |
|
|
|a 9780470927625 (hbk.)
|
| 020 |
|
|
|a 9781118013144
|
| 020 |
|
|
|a 9781118013137
|
| 020 |
|
|
|a 9781118013151
|
| 090 |
0 |
0 |
|a HF5383
|b .M43 2011
|
| 100 |
1 |
|
|a McDowell, Gayle Laakmann
|
| 245 |
1 |
4 |
|a The google resume :
|b how to prepare for a career and land a job at Apple, Microsoft, Google, or any top tech company
|c Gayle Laakmann McDowell.
|
| 260 |
|
|
|a Hoboken, N.J.:
|b Wiley,
|c 2011.
|
| 300 |
|
|
|a vii, 280 p.;
|c 23 cm.
|
| 650 |
0 |
0 |
|a Job hunting
|
| 650 |
0 |
0 |
|a High technology industries --
|x Vocational guidance
|
| 650 |
0 |
0 |
|a Resume (Employment)
|
| 997 |
|
|
|a Education & Social Sciences, Faculty
|b Social Sciences, Department
|
| 998 |
|
|
|a Industrial Psychology, Degree
|
| 999 |
|
|
|a 0000054664
|b BOK
|c OPEN SHELF
|e 1st Floor, Bestari Jaya
|